[Event "25th Klatovy B 2017"]
[Site "Klatovy CZE"]
[Date "2017.07.09"]
[Round "9.19"]
[White "Davaademberel, Purevdorj 1981"]
[Black "Stvan, Marek"]
[Result "1-0"]
[WhiteElo "1835"]
[BlackElo "1663"]
[PlyCount "49"]
[EventDate "2017.07.01"]
[EventType "swiss"]
[EventRounds "9"]
[EventCountry "CZE"]

1. e4 d5 2. exd5 Qxd5 3. d4 Nf6 4. Nf3 Bg4 5. Be2 e6 6. O-O Be7 7. c4 Qd8 8. Be3 c6 9. Qb3 Qc8 10. Nc3 O-O 11. Rac1 b6 12. d5 exd5 13. cxd5 c5 14. Nb5 Nbd7 15. Bf4 a6 16. Nbd4 Qb7 17. Nc6 Rfe8 18. Bc4 Bd8 19. Rfe1 Bh5 20. Rxe8+ Nxe8 21. Re1 Bf6 22. Ne7+ Kf8 23. d6 Rd8 24. Bd5 Qc8 25. Nc6 1-0

[Event "25th Klatovy B 2017"]
[Site "Klatovy CZE"]
[Date "2017.07.09"]
[Round "9.20"]
[White "Novotny, David"]
[Black "Svec, Vitezslav"]
[Result "1/2-1/2"]
[WhiteElo "1725"]
[BlackElo "1630"]
[PlyCount "39"]
[EventDate "2017.07.01"]
[EventType "swiss"]
[EventRounds "9"]
[EventCountry "CZE"]

1. d4 Nf6 2. c4 e6 3. Nf3 d5 4. Bg5 Be7 5. Nc3 O-O 6. e3 Nbd7 7. cxd5 Nxd5 8. Bxe7 Qxe7 9. Nxd5 exd5 10. Bd3 Nf6 11. Qd2 c6 12. O-O Be6 13. Rab1 a5 14. a3 Rfc8 15. b4 axb4 16. axb4 h6 17. Rfc1 Nd7 18. h3 b5 19. Qc3 Nb6 20. Ne5 1/2-1/2

[Event "25th Klatovy B 2017"]
[Site "Klatovy CZE"]
[Date "2017.07.09"]
[Round "9.21"]
[White "Flajsman, Petr"]
[Black "Kovarova, Oxana"]
[Result "1/2-1/2"]
[WhiteElo "1567"]
[BlackElo "1740"]
[PlyCount "32"]
[EventDate "2017.07.01"]
[EventType "swiss"]
[EventRounds "9"]
[EventCountry "CZE"]

1. e4 e5 2. Nf3 Nc6 3. Bb5 f5 4. d3 Nf6 5. Bg5 fxe4 6. dxe4 d6 7. Nc3 h6 8. Be3 Bg4 9. h3 Bh5 10. a3 Bf7 11. Qe2 Be7 12. O-O-O Nd7 13. Nh2 Bf6 14. Ng4 Bg5 15. Bxg5 Qxg5+ 16. Qe3 Qxe3+ 1/2-1/2

[Event "25th Klatovy B 2017"]
[Site "Klatovy CZE"]
[Date "2017.07.09"]
[Round "9.22"]
[White "Maly, Jiri"]
[Black "Hosnedl, Matyas"]
[Result "0-1"]
[WhiteElo "1646"]
[BlackElo "1739"]
[PlyCount "150"]
[EventDate "2017.07.01"]
[EventType "swiss"]
[EventRounds "9"]
[EventCountry "CZE"]

1. e4 e5 2. Nf3 Nc6 3. Bb5 a6 4. Ba4 Nf6 5. O-O b5 6. Bb3 Be7 7. Re1 d6 8. c3 Na5 9. Bc2 c5 10. d4 Qc7 11. h3 O-O 12. Bg5 Bd7 13. Nbd2 Rfc8 14. Rc1 Nc6 15. d5 Na5 16. b4 Nb7 17. a4 cxb4 18. cxb4 Qd8 19. a5 Nxd5 20. Bxe7 Nxe7 21. Bb3 Rxc1 22. Qxc1 Rc8 23. Qb2 h6 24. Nf1 Qc7 25. Ne3 Qc3 26. Qxc3 Rxc3 27. Ba2 Be6 28. Bd5 Bxd5 29. Nxd5 Nxd5 30. exd5 Rc4 31. Rb1 Nd8 32. Kf1 f5 33. Ke2 Nf7 34. Nd2 Rc7 35. f3 Ng5 36. h4 Nh7 37. g4 fxg4 38. fxg4 Nf6 39. g5 hxg5 40. hxg5 Nxd5 41. Ne4 Nc3+ 42. Nxc3 Rxc3 43. Rd1 Rc6 44. Ke3 Kf7 45. Rf1+ Kg6 46. Ke4 Rc4+ 47. Kd5 Rxb4 48. Kxd6 Ra4 49. Kxe5 Kxg5 50. Rg1+ Rg4 51. Re1 Ra4 52. Rg1+ Kh6 53. Kf5 g5 54. Rxg5 Rxa5 55. Rg6+ Kh5 56. Rb6 Ra4 57. Ke5 Kg4 58. Kd5 Kf3 59. Rf6+ Ke3 60. Rh6 Kd3 61. Rh3+ Kc2 62. Rh2+ Kb3 63. Rh3+ Kb4 64. Rh1 Ka5 65. Rc1 Ra3 66. Kc5 Ka4 67. Rb1 Ka5 68. Rb2 Rc3+ 69. Kd4 Rc8 70. Ra2+ Kb6 71. Rg2 a5 72. Rg6+ Rc6 73. Rg8 a4 74. Rb8+ Ka5 75. Kd5 Rc1 0-1

[Event "25th Klatovy B 2017"]
[Site "Klatovy CZE"]
[Date "2017.07.09"]
[Round "9.23"]
[White "Svanda, Adam"]
[Black "Nagy, Ladislav"]
[Result "1/2-1/2"]
[WhiteElo "1699"]
[BlackElo "1000"]
[PlyCount "42"]
[EventDate "2017.07.01"]
[EventType "swiss"]
[EventRounds "9"]
[EventCountry "CZE"]

1. c4 c5 2. Nc3 Nc6 3. g3 g6 4. Bg2 Bg7 5. Nf3 Nf6 6. O-O O-O 7. d4 cxd4 8. Nxd4 Rb8 9. h3 Na5 10. b3 b6 11. Bb2 Bb7 12. Qc2 Bxg2 13. Kxg2 Qc8 14. Rfd1 Qb7+ 15. Kg1 Rbc8 16. Qd3 d5 17. cxd5 Nxd5 18. Ndb5 Rcd8 19. Qf3 Nxc3 20. Bxc3 Qxf3 21. exf3 Bxc3 1/2-1/2

[Event "25th Klatovy B 2017"]
[Site "Klatovy CZE"]
[Date "2017.07.09"]
[Round "9.24"]
[White "Sindelar, Jan"]
[Black "Haderka, Karel"]
[Result "0-1"]
[WhiteElo "1395"]
[BlackElo "1825"]
[PlyCount "52"]
[EventDate "2017.07.01"]
[EventType "swiss"]
[EventRounds "9"]
[EventCountry "CZE"]

1. e3 e5 2. b3 d5 3. Bb2 Nd7 4. Nf3 Bd6 5. c4 Ngf6 6. Nc3 c6 7. cxd5 Nxd5 8. Nxd5 cxd5 9. Bb5 Qe7 10. O-O O-O 11. g3 Nf6 12. d4 e4 13. Ne5 Bh3 14. Re1 Bb4 15. Re2 a6 16. Ba4 b5 17. Qc2 bxa4 18. Nc6 Qb7 19. bxa4 Rfc8 20. Qc1 Bd7 21. Nxb4 Qxb4 22. Bc3 Qxa4 23. Rb1 Rc4 24. Qb2 Rac8 25. Rc1 h6 26. Kg2 Qc6 0-1

[Event "25th Klatovy B 2017"]
[Site "Klatovy CZE"]
[Date "2017.07.09"]
[Round "9.26"]
[White "Bainhofner, Jiri"]
[Black "Roskovec, Bedrich"]
[Result "1-0"]
[WhiteElo "1755"]
[BlackElo "1585"]
[PlyCount "60"]
[EventDate "2017.07.01"]
[EventType "swiss"]
[EventRounds "9"]
[EventCountry "CZE"]

1. e4 e6 2. d4 d5 3. Nd2 Nf6 4. e5 Nfd7 5. c3 c5 6. Bb5 Qb6 7. Bxd7+ Bxd7 8. Ne2 Bb5 9. Nf3 Nc6 10. Be3 cxd4 11. Nexd4 Bc5 12. b4 Nxd4 13. Bxd4 Bxd4 14. Nxd4 Rc8 15. Kd2 O-O 16. a4 Bd7 17. Qe2 Rc4 18. Qd3 Rfc8 19. Ra3 a6 20. Rb1 Qc7 21. Rbb3 a5 22. b5 Qc5 23. f4 Qe7 24. g3 f6 25. h4 Qf7 26. exf6 gxf6 27. Rb1 Re8 28. Nf3 Qe7 29. Rbb3 Qd6 30. g4 Re4 1-0

[Event "25th Klatovy B 2017"]
[Site "Klatovy CZE"]
[Date "2017.07.09"]
[Round "9.27"]
[White "Jedlicka, Pavel"]
[Black "Rerabek, Jaroslav"]
[Result "0-1"]
[WhiteElo "1525"]
[BlackElo "1721"]
[PlyCount "82"]
[EventDate "2017.07.01"]
[EventType "swiss"]
[EventRounds "9"]
[EventCountry "CZE"]

1. f4 e5 2. fxe5 d6 3. Nf3 Nc6 4. e3 Nxe5 5. Nxe5 dxe5 6. Qf3 Nf6 7. h3 e4 8. Qf2 Bd6 9. Be2 Bd7 10. d3 c6 11. Bd2 Qc7 12. Kd1 Bg3 13. Qf1 O-O-O 14. Bc3 Be5 15. Bxe5 Qxe5 16. d4 Qd6 17. c3 c5 18. Bb5 cxd4 19. Qc4+ Kb8 20. Bxd7 Rxd7 21. cxd4 Rc8 22. Qe2 Nd5 23. Nd2 f5 24. Rf1 Qg3 25. Rf2 Nxe3+ 26. Ke1 Nc2+ 27. Kf1 Nxa1 28. Kg1 Rdc7 29. Rxf5 Rc1+ 30. Nf1 Nc2 31. Rc5 Rxc5 32. dxc5 Ne3 33. Qf2 Rxf1+ 34. Qxf1 Nxf1 35. Kxf1 e3 36. Ke2 Qf2+ 37. Kd3 e2 38. Kc4 e1=Q 39. b4 Qfd2 40. a3 Qec1+ 41. Kb5 Qd3+ 0-1

[Event "25th Klatovy B 2017"]
[Site "Klatovy CZE"]
[Date "2017.07.09"]
[Round "9.29"]
[White "Cipera, Josef"]
[Black "Kotal, Vit"]
[Result "1-0"]
[WhiteElo "1691"]
[BlackElo "1388"]
[PlyCount "93"]
[EventDate "2017.07.01"]
[EventType "swiss"]
[EventRounds "9"]
[EventCountry "CZE"]

1. d4 Nf6 2. c4 g6 3. Nc3 Bg7 4. e4 d6 5. f3 O-O 6. Be3 Nbd7 7. Qd2 e5 8. d5 Ne8 9. g4 Qh4+ 10. Kd1 Qe7 11. h4 Nb6 12. h5 Bd7 13. b3 c6 14. Qh2 Nf6 15. hxg6 fxg6 16. Bg5 Bh8 17. Bd3 c5 18. Kd2 Rf7 19. Rf1 Nxg4 20. Qh4 Bf6 21. Bxf6 Nxf6 22. Qg5 Nh5 23. Rxh5 Raf8 24. Rh2 Kh8 25. Nh3 Bxh3 26. Rxh3 Nd7 27. Be2 Rg7 28. Qh4 Qxh4 29. Rxh4 Nf6 30. Rg1 h5 31. a4 g5 32. Rh2 h4 33. Nb5 Rd8 34. Nxa7 Kg8 35. Nb5 Nh7 36. Nc3 Kf8 37. Nd1 Nf6 38. Ne3 Kf7 39. Nf5 Rg6 40. Ne3 Nh5 41. Bf1 Nf4 42. Bh3 Nxh3 43. Rxh3 Kf6 44. Ng4+ Kf7 45. Kc3 b6 46. Ra1 Rgg8 47. Nh6+ 1-0

[Event "25th Klatovy B 2017"]
[Site "Klatovy CZE"]
[Date "2017.07.09"]
[Round "9.30"]
[White "Schille, Hannes"]
[Black "Novy, Jan"]
[Result "1-0"]
[WhiteElo "1690"]
[BlackElo "1563"]
[PlyCount "65"]
[EventDate "2017.07.01"]
[EventType "swiss"]
[EventRounds "9"]
[EventCountry "CZE"]

1. d4 e5 2. dxe5 Nc6 3. Nf3 Qe7 4. c3 Nxe5 5. Nxe5 Qxe5 6. Nd2 d5 7. Nf3 Qd6 8. g3 c5 9. Bg2 f6 10. O-O Ne7 11. e4 Be6 12. exd5 Nxd5 13. Re1 O-O-O 14. Qa4 Kb8 15. Qe4 Re8 16. c4 Nc7 17. Bf4 Qb6 18. Rad1 a6 19. Bh3 Bf7 20. Qc2 Rxe1+ 21. Nxe1 Ka7 22. Bxc7 Qxc7 23. Rd7 Qe5 24. Nf3 Qe8 25. Qb3 Qc8 26. Rxf7 Qc6 27. Be6 Qb6 28. Qxb6+ Kxb6 29. Bd5 Ka5 30. Rxb7 Bd6 31. Nd2 Re8 32. Nb3+ Ka4 33. Bc6# 1-0

[Event "25th Klatovy B 2017"]
[Site "Klatovy CZE"]
[Date "2017.07.09"]
[Round "9.31"]
[White "Kubat, Zbynek"]
[Black "Lukes, Martin 2001"]
[Result "1-0"]
[WhiteElo "1682"]
[BlackElo "1474"]
[PlyCount "43"]
[EventDate "2017.07.01"]
[EventType "swiss"]
[EventRounds "9"]
[EventCountry "CZE"]

1. e4 e5 2. Nf3 Nc6 3. Bc4 Bc5 4. c3 Nf6 5. d4 exd4 6. cxd4 Bb4+ 7. Nc3 Nxe4 8. O-O Nxc3 9. Qe1+ Be7 10. Qxc3 O-O 11. d5 Bf6 12. Qd2 Ne5 13. Nxe5 Bxe5 14. f4 Bd6 15. b4 c6 16. Bb2 Qb6+ 17. Kh1 Bxb4 18. Qe2 d6 19. Qh5 cxd5 20. Bxd5 Be6 21. Qg5 g6 22. Qf6 1-0

[Event "25th Klatovy B 2017"]
[Site "Klatovy CZE"]
[Date "2017.07.09"]
[Round "9.32"]
[White "Sedlacek, Pavel"]
[Black "Palla, Ivan"]
[Result "1/2-1/2"]
[WhiteElo "1580"]
[BlackElo "1552"]
[PlyCount "26"]
[EventDate "2017.07.01"]
[EventType "swiss"]
[EventRounds "9"]
[EventCountry "CZE"]

1. c4 Nf6 2. Nc3 e6 3. d4 Be7 4. g3 O-O 5. Bg2 d6 6. Nf3 c6 7. O-O Na6 8. e4 Nc7 9. Ng5 h6 10. Bf4 Nh7 11. Qc2 f5 12. e5 d5 13. c5 Qe8 1/2-1/2

[Event "25th Klatovy B 2017"]
[Site "Klatovy CZE"]
[Date "2017.07.09"]
[Round "9.33"]
[White "Vasko, Pavel"]
[Black "Novotny, Jaromir"]
[Result "0-1"]
[WhiteElo "1578"]
[BlackElo "1394"]
[PlyCount "54"]
[EventDate "2017.07.01"]
[EventType "swiss"]
[EventRounds "9"]
[EventCountry "CZE"]

1. e4 c5 2. Nf3 g6 3. c3 Nc6 4. d4 cxd4 5. cxd4 Bg7 6. Nc3 e6 7. Be2 Nge7 8. O-O O-O 9. Be3 d5 10. e5 Nf5 11. Bd3 Nxe3 12. fxe3 f6 13. exf6 Rxf6 14. Qe2 Bd7 15. a3 a6 16. Bb1 Qc7 17. Ba2 Qd6 18. Rf2 Raf8 19. Raf1 Bh6 20. Ne1 Rxf2 21. Rxf2 Rxf2 22. Qxf2 Qe7 23. Nc2 Qf7 24. Na4 Nxd4 25. Nxd4 Bxa4 26. Qg3 Bb5 27. Qh3 Qf1# 0-1

[Event "25th Klatovy B 2017"]
[Site "Klatovy CZE"]
[Date "2017.07.09"]
[Round "9.34"]
[White "Nagyova, Daniela"]
[Black "Vavrousek, Petr"]
[Result "0-1"]
[WhiteElo "1164"]
[BlackElo "1686"]
[PlyCount "106"]
[EventDate "2017.07.01"]
[EventType "swiss"]
[EventRounds "9"]
[EventCountry "CZE"]

1. e4 c5 2. Nf3 Nc6 3. d4 cxd4 4. Nxd4 g6 5. Nc3 Bg7 6. Be3 Nf6 7. Qd2 Ng4 8. Nxc6 bxc6 9. Bd4 O-O 10. Bxg7 Kxg7 11. h3 Nf6 12. g4 Qa5 13. Be2 Qb4 14. O-O-O Nxe4 15. Nxe4 Qxe4 16. h4 h6 17. f4 e5 18. f5 Qf4 19. Qxf4 exf4 20. fxg6 fxg6 21. g5 hxg5 22. hxg5 d5 23. Rdf1 Rf5 24. Rhg1 Bd7 25. Kd2 Rb8 26. b3 Rf7 27. Kc3 Re8 28. Bd3 c5 29. Rf3 Re3 30. Rgf1 Rxf3 31. Rxf3 Bg4 32. Rf2 f3 33. Kd2 Re7 34. a3 Re5 35. Rf1 Rxg5 36. Ke3 Kf6 37. Kf4 Bh5 38. c4 Re5 39. Kg3 Re3 40. Be2 dxc4 41. bxc4 Rxa3 42. Rb1 Rc3 43. Bd1 g5 44. Ra1 Rxc4 45. Rxa7 Rg4+ 46. Kf2 Rg2+ 47. Kf1 g4 48. Ra6+ Ke5 49. Rh6 Bf7 50. Ba4 Bc4+ 51. Ke1 f2+ 52. Kd2 f1=Q+ 53. Kc3 Qd3# 0-1

[Event "25th Klatovy B 2017"]
[Site "Klatovy CZE"]
[Date "2017.07.09"]
[Round "9.35"]
[White "Frnoch, Vojtech"]
[Black "Stanke, Vilem"]
[Result "1-0"]
[WhiteElo "1660"]
[BlackElo "1334"]
[PlyCount "71"]
[EventDate "2017.07.01"]
[EventType "swiss"]
[EventRounds "9"]
[EventCountry "CZE"]

1. c4 e5 2. Nc3 Nc6 3. Nf3 g6 4. e3 f5 5. d4 e4 6. Nd2 Bg7 7. Be2 Nf6 8. a3 a5 9. f3 exf3 10. Nxf3 O-O 11. O-O d6 12. Bd3 Ne7 13. h3 Kh8 14. e4 c6 15. e5 dxe5 16. dxe5 Nh5 17. Kh2 Qc7 18. Qe1 Re8 19. g3 Ng8 20. Bf4 g5 21. Nxg5 Nh6 22. Qe2 Nxf4 23. gxf4 Nf7 24. Nxf7+ Qxf7 25. Qc2 Re7 26. Ne2 Bd7 27. Ng3 Rae8 28. Bxf5 Bxf5 29. Nxf5 Re6 30. Nd6 Rxd6 31. exd6 Rd8 32. Rad1 Qf6 33. d7 Qf7 34. Qd2 Qxc4 35. Rfe1 Qg8 36. Qe2 1-0

[Event "25th Klatovy B 2017"]
[Site "Klatovy CZE"]
[Date "2017.07.09"]
[Round "9.36"]
[White "Chmelik, Benedikt"]
[Black "Fekete, Frantisek 1941"]
[Result "1-0"]
[WhiteElo "1432"]
[BlackElo "1678"]
[PlyCount "45"]
[EventDate "2017.07.01"]
[EventType "swiss"]
[EventRounds "9"]
[EventCountry "CZE"]

1. e4 e5 2. Nf3 Nc6 3. Bb5 f5 4. Nc3 fxe4 5. Nxe4 d5 6. Ng3 e4 7. Nd4 Qf6 8. Nxc6 bxc6 9. Ba4 Bd7 10. d3 exd3 11. Qxd3 Bd6 12. Be3 Ne7 13. O-O-O O-O 14. Rde1 Bf4 15. Nh5 Bxe3+ 16. Qxe3 Qh4 17. Qxe7 Qxh5 18. Qxd7 Rxf2 19. Bxc6 Qg6 20. Re8+ Rxe8 21. Qxe8+ Qxe8 22. Bxe8 Rxg2 23. Bc6 1-0

[Event "25th Klatovy B 2017"]
[Site "Klatovy CZE"]
[Date "2017.07.09"]
[Round "9.37"]
[White "Janous, Marek"]
[Black "Vavrinkova, Jitka"]
[Result "1/2-1/2"]
[WhiteElo "1168"]
[BlackElo "1676"]
[PlyCount "112"]
[EventDate "2017.07.01"]
[EventType "swiss"]
[EventRounds "9"]
[EventCountry "CZE"]

1. e4 e6 2. Nf3 d5 3. Nc3 Nf6 4. e5 Nfd7 5. d4 c5 6. dxc5 Bxc5 7. Bd3 Nc6 8. Bf4 O-O 9. Bxh7+ Kh8 10. Bd3 g6 11. O-O Kg7 12. Qd2 Rh8 13. a3 Nd4 14. Be2 Nxf3+ 15. Bxf3 Qh4 16. Bg3 Qh7 17. h3 Be7 18. Bg4 b6 19. Qd3 Nc5 20. Qd2 Ba6 21. Rfe1 Rac8 22. Bf4 Bb7 23. Bg5 Bxg5 24. Qxg5 Qh4 25. Qxh4 Rxh4 26. Nb5 a6 27. Nd6 Rb8 28. Nxb7 Rxb7 29. Bf3 Na4 30. b3 Nc3 31. Re3 Nb5 32. Be2 Rc7 33. Bxb5 axb5 34. c3 d4 35. cxd4 Rxd4 36. a4 Ra7 37. f3 bxa4 38. bxa4 Rdxa4 39. Rxa4 Rxa4 40. Rb3 Ra6 41. f4 Kh6 42. Kf2 g5 43. g3 gxf4 44. gxf4 Kg6 45. Kf3 Kf5 46. h4 Ra1 47. Rxb6 Rf1+ 48. Kg3 Rxf4 49. Rb5 Re4 50. Rb7 Kg6 51. Rb5 Re3+ 52. Kf4 Rh3 53. Kg4 Rh1 54. Rb7 Rg1+ 55. Kh3 Rh1+ 56. Kg3 Rg1+ 1/2-1/2

[Event "25th Klatovy B 2017"]
[Site "Klatovy CZE"]
[Date "2017.07.09"]
[Round "9.38"]
[White "Svejdar, Pavel"]
[Black "Kadlec, Rudolf"]
[Result "1-0"]
[WhiteElo "1581"]
[BlackElo "1436"]
[PlyCount "107"]
[EventDate "2017.07.01"]
[EventType "swiss"]
[EventRounds "9"]
[EventCountry "CZE"]

1. e4 d5 2. exd5 Qxd5 3. Nc3 Qd6 4. d4 a6 5. h3 b5 6. a3 Bb7 7. Be3 Nf6 8. Nf3 e6 9. Be2 Qd8 10. O-O Bd6 11. Ne5 h6 12. Bf3 Nd5 13. Nxd5 exd5 14. Nd3 O-O 15. Bh5 Nd7 16. c3 Nf6 17. Bf3 Re8 18. Nb4 c6 19. Nd3 Rc8 20. a4 Ra8 21. Qc1 Bc7 22. Bf4 Bd6 23. Bxd6 Qxd6 24. Nc5 Re7 25. Re1 Rxe1+ 26. Qxe1 Re8 27. Qd1 Bc8 28. axb5 cxb5 29. Ra5 Re7 30. Qa1 Qb6 31. Nd3 Ne4 32. Nb4 Qe6 33. Bxe4 dxe4 34. Nxa6 Bxa6 35. Rxa6 Qd5 36. Qa3 Re8 37. Qd6 Qb7 38. Qc6 Qxc6 39. Rxc6 Ra8 40. Rb6 Ra5 41. Kf1 f5 42. Ke2 Kh7 43. d5 b4 44. c4 Kg8 45. Rxb4 Rc5 46. b3 Kf7 47. f3 Rc7 48. fxe4 fxe4 49. Ke3 Re7 50. c5 Re5 51. Rd4 Ke7 52. Rxe4 Rxe4+ 53. Kxe4 Kd7 54. Ke5 1-0

[Event "25th Klatovy B 2017"]
[Site "Klatovy CZE"]
[Date "2017.07.09"]
[Round "9.39"]
[White "Kubat, Ladislav"]
[Black "Zilava, Anezka"]
[Result "1/2-1/2"]
[WhiteElo "1482"]
[BlackElo "1245"]
[PlyCount "71"]
[EventDate "2017.07.01"]
[EventType "swiss"]
[EventRounds "9"]
[EventCountry "CZE"]

1. e4 e5 2. d4 exd4 3. c3 d3 4. c4 Nc6 5. Bxd3 Bb4+ 6. Bd2 d6 7. a3 Bxd2+ 8. Nxd2 Nf6 9. Ngf3 Bg4 10. Qc2 O-O 11. O-O Re8 12. Rfe1 Ne5 13. Nxe5 dxe5 14. Be2 Qd4 15. Bxg4 Nxg4 16. Nf3 Qb6 17. h3 Nf6 18. Rad1 c6 19. Rd2 Qc7 20. Red1 Re7 21. Ne1 Nd7 22. Nd3 b6 23. b3 a5 24. Kh1 h6 25. g3 Kh8 26. Nb2 f6 27. Nd3 Rb8 28. Qc1 c5 29. Qb2 Ra8 30. a4 Rb8 31. Nc1 Nf8 32. Ne2 Ne6 33. Nc3 Ree8 34. Nd5 Qc6 35. Qb1 Rbd8 36. Ne7 1/2-1/2

[Event "25th Klatovy B 2017"]
[Site "Klatovy CZE"]
[Date "2017.07.09"]
[Round "9.40"]
[White "Lang, Simon"]
[Black "Stross, Frantisek 1952"]
[Result "0-1"]
[WhiteElo "1166"]
[BlackElo "1631"]
[PlyCount "88"]
[EventDate "2017.07.01"]
[EventType "swiss"]
[EventRounds "9"]
[EventCountry "CZE"]

1. e4 e5 2. Nf3 Nc6 3. Bc4 Nf6 4. Ng5 d5 5. exd5 Nxd5 6. Nxf7 Qf6 7. Bxd5 Bc5 8. Qf3 Qxf3 9. gxf3 Nd4 10. Nxh8 Nxc2+ 11. Ke2 Nxa1 12. Nc3 Nc2 13. d3 Nd4+ 14. Kd2 c6 15. Bf7+ Ke7 16. Ne4 Nxf3+ 17. Ke2 Nd4+ 18. Ke1 Bb4+ 19. Bd2 Bxd2+ 20. Kxd2 Bf5 21. Ke3 Rxh8 22. Bc4 b5 23. Bb3 a5 24. Bd1 g6 25. f4 Bxe4 26. Kxe4 Rd8 27. Kxe5 c5 28. Bg4 h5 29. Bh3 Nc6+ 30. Ke4 Nb4 31. Rg1 Kf6 32. f5 gxf5+ 33. Bxf5 Rd4+ 34. Ke3 Kxf5 35. Rf1+ Ke5 36. Rc1 Rxd3+ 37. Ke2 c4 38. b3 Nxa2 39. Ra1 Nc3+ 40. Ke1 cxb3 41. Rxa5 b2 42. Kf2 b1=Q 43. Ra8 Qb2+ 44. Ke1 Rd1# 0-1

[Event "25th Klatovy B 2017"]
[Site "Klatovy CZE"]
[Date "2017.07.09"]
[Round "9.41"]
[White "Velkoborsky, Tadeas"]
[Black "Flajsman, Zdenek"]
[Result "0-1"]
[WhiteElo "1100"]
[BlackElo "1468"]
[PlyCount "90"]
[EventDate "2017.07.01"]
[EventType "swiss"]
[EventRounds "9"]
[EventCountry "CZE"]

1. e4 c6 2. Nf3 d5 3. exd5 cxd5 4. Bb5+ Bd7 5. Bxd7+ Nxd7 6. Nc3 e6 7. O-O Ngf6 8. d3 h6 9. Be3 Be7 10. h3 O-O 11. Qd2 Nh7 12. Rae1 a6 13. a3 Rc8 14. Re2 b5 15. b4 Rc6 16. Bf4 Bd6 17. Be5 Nxe5 18. Nxe5 Bxe5 19. Rxe5 Qc7 20. Re3 Rxc3 21. Rg3 Kh8 22. Qe3 Rxc2 23. Qd4 f6 24. Re1 Rc1 25. Rxc1 Qxc1+ 26. Kh2 Qc6 27. Qg4 Rf7 28. Qh5 Qd7 29. Qg6 e5 30. f3 Ng5 31. h4 Ne6 32. Qf5 Nf4 33. Qxd7 Rxd7 34. Rg4 Nxd3 35. g3 Nf2 36. Rg6 Kh7 37. Rg4 Nxg4+ 38. fxg4 e4 39. Kg2 d4 40. Kf2 d3 41. Ke1 e3 42. Kd1 d2 43. Kc2 d1=Q+ 44. Kb2 Rd2+ 45. Kc3 Qc2# 0-1

[Event "25th Klatovy B 2017"]
[Site "Klatovy CZE"]
[Date "2017.07.09"]
[Round "9.42"]
[White "Nandin Erdene, Davaademberel 2008"]
[Black "Krejbich, Lukas"]
[Result "1-0"]
[WhiteElo "1501"]
[BlackElo "1041"]
[PlyCount "71"]
[EventDate "2017.07.01"]
[EventType "swiss"]
[EventRounds "9"]
[EventCountry "CZE"]

1. e4 e5 2. Nf3 Nc6 3. Bc4 Bc5 4. c3 Nf6 5. d4 Bb6 6. dxe5 Ng4 7. Nd4 Ngxe5 8. Nxc6 bxc6 9. Be2 Qf6 10. O-O O-O 11. Kh1 d6 12. a4 Qh4 13. f3 Bf2 14. Bf4 g5 15. g3 Qh3 16. Bxe5 Bc5 17. Bd4 Bxd4 18. cxd4 Rb8 19. b3 h5 20. Rf2 Qe6 21. Nd2 Rb4 22. Rc1 d5 23. exd5 Qxd5 24. Nc4 Bh3 25. Rc3 Re8 26. Kg1 Rbb8 27. g4 Re6 28. gxh5 Rbe8 29. f4 Rf6 30. Rxh3 Qf5 31. h6 Qxh3 32. Qd2 g4 33. Bxg4 Rg6 34. Ne5 Rxg4+ 35. Nxg4 Qxg4+ 36. Rg2 1-0

[Event "25th Klatovy B 2017"]
[Site "Klatovy CZE"]
[Date "2017.07.09"]
[Round "9.43"]
[White "Tomascik, Petr"]
[Black "Kalista, Frantisek"]
[Result "1-0"]
[WhiteElo "1474"]
[BlackElo "1000"]
[PlyCount "98"]
[EventDate "2017.07.01"]
[EventType "swiss"]
[EventRounds "9"]
[EventCountry "CZE"]

1. d4 d5 2. c4 e6 3. cxd5 exd5 4. Nc3 Nf6 5. Nf3 b6 6. e3 Bb7 7. a3 g6 8. b4 Bg7 9. Bb2 O-O 10. h3 c6 11. Bd3 Nbd7 12. Rc1 Re8 13. Ne2 a6 14. Nf4 Bc8 15. Rxc6 Bb7 16. Rc1 b5 17. Ng5 Ne4 18. Nxe4 dxe4 19. Bb1 Nb6 20. Ba2 Na4 21. Ba1 a5 22. Qb3 Rf8 23. O-O Nb6 24. Bc3 a4 25. Qd1 Nd5 26. Ne2 Nxc3 27. Nxc3 Qd7 28. Ne2 Bd5 29. Qd2 Bxa2 30. Qxa2 Ra7 31. Nf4 Rd8 32. Rc2 Rc7 33. Rfc1 Rxc2 34. Qxc2 Bf6 35. Qxe4 Re8 36. Qc6 Qxc6 37. Rxc6 Re4 38. Rxf6 Kg7 39. Nd5 h5 40. Rb6 Re8 41. Rxb5 Rc8 42. Rc5 Rxc5 43. dxc5 Kf8 44. c6 Ke8 45. b5 Kd8 46. b6 Kc8 47. Ne7+ Kb8 48. c7+ Kb7 49. c8=Q+ Kxb6 1-0

[Event "25th Klatovy B 2017"]
[Site "Klatovy CZE"]
[Date "2017.07.09"]
[Round "9.44"]
[White "Valdman, Jakub"]
[Black "Dolejs, Jakub"]
[Result "0-1"]
[WhiteElo "1070"]
[BlackElo "1442"]
[PlyCount "42"]
[EventDate "2017.07.01"]
[EventType "swiss"]
[EventRounds "9"]
[EventCountry "CZE"]

1. e4 c5 2. Nf3 d6 3. Nc3 Nf6 4. d3 g6 5. Be2 Bg7 6. Bg5 O-O 7. Qd2 Nc6 8. h3 Bd7 9. h4 h5 10. Nh2 b5 11. Bxf6 Bxf6 12. g4 hxg4 13. Nxg4 Bxg4 14. Bxg4 b4 15. Nd5 Bxb2 16. Rb1 Bg7 17. h5 e6 18. h6 Bd4 19. h7+ Kh8 20. Nf4 Bc3 21. Qxc3+ bxc3 0-1

[Event "25th Klatovy B 2017"]
[Site "Klatovy CZE"]
[Date "2017.07.09"]
[Round "9.45"]
[White "Stanke, Petr"]
[Black "Langova, Hana"]
[Result "1-0"]
[WhiteElo "1284"]
[BlackElo "1000"]
[PlyCount "99"]
[EventDate "2017.07.01"]
[EventType "swiss"]
[EventRounds "9"]
[EventCountry "CZE"]

1. e4 e5 2. Nf3 Nc6 3. d4 d6 4. Bb5 Bd7 5. d5 Nb4 6. Nc3 Nf6 7. Qe2 Be7 8. a3 a6 9. Bxd7+ Qxd7 10. axb4 Nh5 11. Nxe5 dxe5 12. Qxh5 Bxb4 13. Qxe5+ Kd8 14. Qxg7 Re8 15. O-O Bd6 16. Qf6+ Re7 17. Bg5 Kc8 18. Qf5 Re8 19. Qxd7+ Kxd7 20. Rfe1 Rg8 21. Bf6 Bb4 22. Re3 Rg6 23. e5 Rgg8 24. Rg3 h6 25. Rxg8 Rxg8 26. Na4 b6 27. c3 Be7 28. Bxe7 Kxe7 29. c4 Rg5 30. Re1 Rg4 31. b3 Rd4 32. e6 f6 33. f3 Rd3 34. Rb1 Rd2 35. Rb2 Rd3 36. Kf2 Kd6 37. Ke2 Rd4 38. g3 f5 39. Rd2 Rxd2+ 40. Kxd2 Ke7 41. Ke3 Kf6 42. Kf4 b5 43. Nc5 a5 44. g4 a4 45. Nxa4 b4 46. h4 Kg6 47. Ke5 f4 48. d6 cxd6+ 49. Kxd6 Kf6 50. Kd7 1-0

[Event "25th Klatovy B 2017"]
[Site "Klatovy CZE"]
[Date "2017.07.09"]
[Round "9.46"]
[White "Pozar, Pavel"]
[Black "Veverkova, Dorota"]
[Result "0-1"]
[WhiteElo "1000"]
[BlackElo "1240"]
[PlyCount "48"]
[EventDate "2017.07.01"]
[EventType "swiss"]
[EventRounds "9"]
[EventCountry "CZE"]

1. Nf3 Nc6 2. g3 e5 3. d3 d5 4. Bg2 Nf6 5. Bg5 Bc5 6. e3 Bf5 7. Bxf6 Qxf6 8. d4 exd4 9. c3 dxe3 10. Qxd5 exf2+ 11. Kf1 Bb6 12. c4 Rd8 13. c5 Rxd5 14. cxb6 axb6 15. Kxf2 Qxb2+ 16. Nbd2 O-O 17. Rab1 Qxa2 18. Bf1 Rxd2+ 19. Nxd2 Qxd2+ 20. Be2 Re8 21. Rhe1 Nd4 22. g4 Nxe2 23. Kf3 g5 24. h4 Re3+ 0-1

[Event "25th Klatovy B 2017"]
[Site "Klatovy CZE"]
[Date "2017.07.09"]
[Round "9.48"]
[White "Filip, Petr 1952"]
[Black "Palla, Marek"]
[Result "1-0"]
[WhiteElo "1372"]
[BlackElo "1184"]
[PlyCount "69"]
[EventDate "2017.07.01"]
[EventType "swiss"]
[EventRounds "9"]
[EventCountry "CZE"]

1. d4 d5 2. c4 dxc4 3. Nf3 Nc6 4. e3 b5 5. Be2 e6 6. O-O Bb7 7. a3 Bd6 8. b3 Na5 9. bxc4 Nxc4 10. Bxc4 bxc4 11. Qa4+ Qd7 12. Qxc4 Nf6 13. Nbd2 O-O 14. Re1 Rfe8 15. e4 e5 16. dxe5 Bxe5 17. Rb1 Rab8 18. Rb5 Ba6 19. a4 Bxb5 20. axb5 Bf4 21. e5 Bxd2 22. Nxd2 Ng4 23. Nf3 h5 24. h3 Nh6 25. Bxh6 gxh6 26. Qf4 Qe6 27. Nd4 Qg6 28. Re3 Rbd8 29. Rg3 Qxg3 30. Qxg3+ Kh8 31. Qf4 Kg7 32. Nf5+ Kg6 33. Nxh6 Rf8 34. Qf6+ Kh7 35. Nf5 1-0